000
00248nam a2200097Ia 4500
001
640799
005
20250826153454.0
008
250824s9999 xx 000 0 und d
245
0
_a
OSMANLI LEVENTLERİ
_c
AHMET YILMAZ BOYUNAĞA
260
_b
GENÇ TİMAŞ
999
_c
640799
_d
640799